Ben-Hur / (Registro nro. 11035)

Detalles MARC
000 -LEADER
fixed length control field 00704nam a22002537a 4500
001 - CONTROL NUMBER
control field 000423
003 - CONTROL NUMBER IDENTIFIER
control field DO-SdBNP
005 - DATE AND TIME OF LATEST TRANSACTION
control field 20180117142336.0
007 - PHYSICAL DESCRIPTION FIXED FIELD--GENERAL INFORMATION
fixed length control field 000423
008 - FIXED-LENGTH DATA ELEMENTS--GENERAL INFORMATION
fixed length control field 160726b 1975 sp a ||||| |||| 00| 0 spa d
020 ## - INTERNATIONAL STANDARD BOOK NUMBER
International Standard Book Number 8430509151
040 ## - CATALOGING SOURCE
Original cataloging agency BPMSU
Language of cataloging spa
Transcribing agency BPMSU
092 ## - LOCALLY ASSIGNED DEWEY CALL NUMBER (OCLC)
Classification number xxxxxx
Item number xxxxxx
100 1# - MAIN ENTRY--PERSONAL NAME
Personal name Wallace, Lew,
Dates associated with a name 1827-1905.
245 10 - TITLE STATEMENT
Title Ben-Hur /
Statement of responsibility, etc. Lew Wallace ; ilustraciones ; J. P. Montero.
260 ## - PUBLICATION, DISTRIBUTION, ETC. (IMPRINT)
Place of publication, distribution, etc. Barcelona :
Name of publisher, distributor, etc. Susaeta,
Date of publication, distribution, etc. 1975.
300 ## - PHYSICAL DESCRIPTION
Extent 162 p. :
Other physical details il. ;
Dimensions 21 cm.
490 1# - SERIES STATEMENT
Series statement Saeta
500 ## - GENERAL NOTE
General note Incluye datos biográficos de la autor.
700 12 - ADDED ENTRY--PERSONAL NAME
Personal name Montero, J. P.,
Relator term il.
830 #0 - SERIES ADDED ENTRY--UNIFORM TITLE
Uniform title Saeta
942 ## - ADDED ENTRY ELEMENTS (KOHA)
Source of classification or shelving scheme Dewey Decimal Classification
Koha item type Libros
956 ## - LOCAL ELECTRONIC LOCATION AND ACCESS (OCLC)
Host name LOPEREZ
Access number 10
Compression information BPMSU
Path 0041
Existencias
Withdrawn status Lost status Source of classification or shelving scheme Damaged status Not for loan Collection code Home library Current library Date acquired Source of acquisition Total Checkouts Barcode Date last seen Price effective from Koha item type Copy number
    Dewey Decimal Classification     Colección Juvenil General Biblioteca Pública Metropolitana Salomé Ureña Biblioteca Pública Metropolitana Salomé Ureña 07/26/2016 Donación   BPMSU16070663 07/26/2016 07/26/2016 Libros  
    Dewey Decimal Classification     Colección Juvenil General Biblioteca Pública Metropolitana Salomé Ureña Biblioteca Pública Metropolitana Salomé Ureña 07/26/2016 Donación   BPMSU16070664 07/26/2016 07/26/2016 Libros ej. 2